|
|
|
|
| LEADER |
00000cam a2200000 c 4500 |
| 001 |
216570255 |
| 003 |
DE-627 |
| 005 |
20260206192250.0 |
| 007 |
tu |
| 008 |
961021s1997 gw ||||| 00| ||ger c |
| 015 |
|
|
|a 96,N44,0369
|2 dnb
|
| 015 |
|
|
|a 97,A19,0915
|2 dnb
|
| 016 |
7 |
|
|a 948730927
|2 DE-101
|
| 020 |
|
|
|a 3131071419
|c : DM 58.00 (kart.)
|9 3-13-107141-9
|
| 035 |
|
|
|a (DE-627)216570255
|
| 035 |
|
|
|a (DE-603)05249179X
|
| 035 |
|
|
|a (DE-576)055308406
|
| 035 |
|
|
|a (DE-599)DNB948730927
|
| 035 |
|
|
|a (OCoLC)845292424
|
| 035 |
|
|
|a (OCoLC)37443901
|
| 035 |
|
|
|a (OCoLC)613590361
|
| 040 |
|
|
|a DE-627
|b ger
|c DE-627
|e rakwb
|
| 041 |
|
|
|a ger
|
| 044 |
|
|
|c XA-DE
|c XD-US
|
| 060 |
|
0 |
|a W 740
|
| 084 |
|
|
|a 33
|a 11
|a 19
|2 sdnb
|
| 084 |
|
|
|a XF 3289
|2 rvk
|0 (DE-625)rvk/152763:12998
|
| 084 |
|
|
|a YH 8103
|2 rvk
|0 (DE-625)rvk/153585:12909
|
| 084 |
|
|
|a XF 3293
|2 rvk
|0 (DE-625)rvk/152763:13002
|
| 084 |
|
|
|a YH 8300
|2 rvk
|0 (DE-625)rvk/153587:12905
|
| 084 |
|
|
|a PH 9020
|2 rvk
|0 (DE-625)rvk/136530:
|
| 084 |
|
|
|a 44.72
|2 bkl
|
| 084 |
|
|
|a 44.91
|2 bkl
|
| 100 |
1 |
|
|a Konrad, Norbert
|d 1958-
|0 (DE-588)129607819
|0 (DE-627)474754553
|0 (DE-576)169710122
|4 aut
|
| 109 |
|
|
|a Konrad, Norbert 1958-
|
| 245 |
1 |
0 |
|a Leitfaden der forensisch-psychiatrischen Begutachtung
|b Definitionen, Beurteilungskriterien und Gutachtenbeispiele im Straf-, Zivil- und Sozialrecht
|c Norbert Konrad
|
| 263 |
|
|
|a kart. : ca. DM 58.00
|
| 264 |
|
1 |
|a Stuttgart [u.a.]
|b Thieme
|c 1997
|
| 300 |
|
|
|a VII, 110 S.
|b graph. Darst.
|c 23 cm
|
| 336 |
|
|
|a Text
|b txt
|2 rdacontent
|
| 337 |
|
|
|a ohne Hilfsmittel zu benutzen
|b n
|2 rdamedia
|
| 338 |
|
|
|a Band
|b nc
|2 rdacarrier
|
| 500 |
|
|
|a Literaturverz. S. [107] - 108
|
| 505 |
8 |
|
|a Literaturverz. S. [107] - 108
|
| 505 |
8 |
|
|a Literaturverz. S. [107] - 108
|
| 583 |
1 |
|
|a Archivierung/Langzeitarchivierung gewährleistet
|f PEBW
|x XA-DE-BW
|2 pdager
|5 DE-24
|
| 583 |
1 |
|
|a Archivierung prüfen
|c 20240324
|f DE-4165
|z 2
|2 pdager
|
| 650 |
|
0 |
|a Forensic Psychiatry
|
| 650 |
|
0 |
|a Expert Testimony
|
| 650 |
|
2 |
|a Forensic Psychiatry
|
| 650 |
|
2 |
|a Jurisprudence
|
| 689 |
0 |
0 |
|d s
|0 (DE-588)4047678-9
|0 (DE-627)106193910
|0 (DE-576)209074337
|a Psychiatrisches Gutachten
|2 gnd
|
| 689 |
0 |
1 |
|d s
|0 (DE-588)4020335-9
|0 (DE-627)10440096X
|0 (DE-576)208932895
|a Gerichtliche Psychiatrie
|2 gnd
|
| 689 |
0 |
|
|5 DE-101
|
| 935 |
|
|
|i Blocktest
|
| 935 |
|
|
|h HEB
|i 0501
|
| 935 |
|
|
|h HEB
|i 0503
|
| 936 |
r |
v |
|a XF 3289
|b Pathologie, Onkologie, Rechtsmedizin
|k Medizin
|k Öffentliches Gesundheitswesen
|k Medizinisches Gutachten
|k Spezielle Begutachtung (+ Schl.)
|k B. Sachschlüssel
|k Unterteilung nach medizinischen Disziplinen
|k Pathologie, Onkologie, Rechtsmedizin
|0 (DE-627)1276937105
|0 (DE-625)rvk/152763:12998
|0 (DE-576)206937105
|
| 936 |
r |
v |
|a YH 8103
|b Kompendien, Repetitorien, Leitfäden, Kurzdarstellungen, programmierter Unterricht
|k Medizin
|k Psychiatrie, Medizinische Psychologie
|k Spezielle Psychiatrie
|k Gerichtliche Psychiatrie
|k Allgemeines
|k A. Formalschlüssel
|k Kompendien, Repetitorien, Leitfäden, Kurzdarstellungen, programmierter Unterricht
|0 (DE-627)1277499004
|0 (DE-625)rvk/153585:12909
|0 (DE-576)207499004
|
| 936 |
r |
v |
|a XF 3293
|b Neurologie, Psychiatrie und Psychotherapie, Medizinische Psychologie
|k Medizin
|k Öffentliches Gesundheitswesen
|k Medizinisches Gutachten
|k Spezielle Begutachtung (+ Schl.)
|k B. Sachschlüssel
|k Unterteilung nach medizinischen Disziplinen
|k Neurologie, Psychiatrie und Psychotherapie, Medizinische Psychologie
|0 (DE-627)127149244X
|0 (DE-625)rvk/152763:13002
|0 (DE-576)20149244X
|
| 936 |
r |
v |
|a YH 8300
|b Allgemeines
|k Medizin
|k Psychiatrie, Medizinische Psychologie
|k Spezielle Psychiatrie
|k Gerichtliche Psychiatrie
|k Recht und Psychiatrie, Gerichtliche Psychologie
|k Allgemeines
|0 (DE-627)1271618583
|0 (DE-625)rvk/153587:12905
|0 (DE-576)201618583
|
| 936 |
r |
v |
|a PH 9020
|b Strafjustiz; Strafverfahren; Rechtsmedizin; Gerichtlicher Sachverständiger; Gerichtliche Psychiatrie; Kriminalpsychiatrie; Gerichtliche Psychologie; Aussagepsychologie
|k Rechtswissenschaft
|k Strafrecht, Strafverfahrensrecht, Kriminologie
|k Kriminologie
|k Strafverfahren und Strafvollzug; Empirische Bezugswissenschaften zur Kriminalrechtspflege; Forschung zu strafrechtlicher Sozialkontrolle
|k Strafjustiz; Strafverfahren; Rechtsmedizin; Gerichtlicher Sachverständiger; Gerichtliche Psychiatrie; Kriminalpsychiatrie; Gerichtliche Psychologie; Aussagepsychologie
|0 (DE-627)1271677156
|0 (DE-625)rvk/136530:
|0 (DE-576)201677156
|
| 936 |
b |
k |
|a 44.72
|j Rechtsmedizin
|0 (DE-627)106409476
|
| 936 |
b |
k |
|a 44.91
|j Psychiatrie
|j Psychopathologie
|0 (DE-627)106409972
|
| 936 |
s |
n |
|a p100
|2 mzub
|
| 936 |
s |
n |
|a w200
|2 mzub
|
| 936 |
s |
n |
|a c200
|2 mzub
|
| 951 |
|
|
|a BO
|
| ELC |
|
|
|b 1
|
| LOK |
|
|
|0 000 xxxxxcx a22 zn 4500
|
| LOK |
|
|
|0 001 3152538545
|
| LOK |
|
|
|0 003 DE-627
|
| LOK |
|
|
|0 004 216570255
|
| LOK |
|
|
|0 005 20151116135146
|
| LOK |
|
|
|0 008 150728||||||||||||||||ger|||||||
|
| LOK |
|
|
|0 035
|a (DE-21-110)kd50206
|
| LOK |
|
|
|0 040
|a DE-21-110
|c DE-627
|d DE-21-110
|
| LOK |
|
|
|0 689
|a s
|a Schuldfähigkeit
|
| LOK |
|
|
|0 689
|a s
|a Forensische Psychiatrie
|
| LOK |
|
|
|0 689
|a s
|a Begutachtung
|
| LOK |
|
|
|0 852
|z Kein Bestand am IfK; Nachweis für KrimDok
|
| LOK |
|
|
|0 852
|a DE-21-110
|
| LOK |
|
|
|0 852 1
|9 00
|
| LOK |
|
|
|0 935
|a k110
|
| LOK |
|
|
|0 939
|a 28-07-15
|b l01
|
| ORI |
|
|
|a SA-MARC-krimdoka001.raw
|